Français vainqueur d'un tournoi ATP cette année - Statistiques

Statistiques générales
  • Ce quiz a été pris 32 fois
    3 depuis la dernière actualisation
  • Le résultat moyen est 12 sur 21
Statistiques - réponses
Tournoi Joueurs Ville % Correct
ATP 250 Alexandre Muller Hong Kong
100%
ATP 250 Gael Monfils Auckland
100%
Challenger 125 Arthur Cazaux Jinan
67%
Challenger 175 Giovanni Mpetshi Perricard Bordeaux
67%
Challenger 100 Hugo Gaston Rennes
67%
Challenger 100 Kyrian Jacquet Chennai
67%
Challenger 75 Kyrian Jacquet New Delhi
67%
Challenger 75 Kyrian Jacquet Shenzhen
67%
Challenger 125 Terence Atmane Busan
67%
Challenger 75 Terence Atmane Guangzhou
67%
Challenger 50 Titouan Droguet Royan
67%
ATP 250 Ugo Humbert Marseille
67%
Challenger 100 Valentin Royer Kigali
67%
Challenger 75 Valentin Royer Kigali
67%
Challenger 125 Arthur Bouquier Lille
33%
Challenger 50 Clément Chidekh Chisinau
33%
Challenger 50 Geoffrey Blancaneaux Brazaville
33%
Challenger 125 Luca Van Assche Olbia
33%
Challenger 75 Pierre-Hugues Herbert Cherbourg
33%
Challenger 125 Sascha Gueymard Wayenburg Quimper
33%
Challenger 100 Ugo Blanchet Koblenz
33%
Aucun quiz correspondant
Distribution des résultats
% des personnes avec chaque résultat
Percentile par nombre de réponses
Votre historique - résultats
Vous n’avez pas pris ce quiz depuis la dernière actualisation